Statystyki dla Męskie Imiona na literę F

Kliknij tutaj aby rozwiązać quiz!

Ogólne statystyki

  • Ten quiz został rozwiązany 184 razy
  • Średni wynik to 5 z 11

Statystyki odpowiedzi

Imiona% Poprawnych
Filip
86%
Franciszek
84%
Feliks
58%
Fabian
54%
Fryderyk
52%
Florian
51%
Ferdynand
43%
Felicjan
37%
Faustyn
28%
Filomen
4%
Florencjusz
2%

Rozkład punktacji

Percentyl według liczby udzielonych odpowiedzi

Procent ludzi z każdym wynikiem

Twoja historia wyników

Nie rozwiązałeś tego quizu